| 000 | 00000nam##2200000za#4500 |
| 001 | 9.694360 |
| 003 | CaOODSP |
| 005 | 20210624234100 |
| 007 | cr ||||||||||| |
| 008 | 150407|2003||||xxc|||||o f|0| 0 eng|d |
| 040 | |aCaOODSP|beng |
| 043 | |an-cn--- |
| 086 | 1 |aH88-3/32-2003E-PDF |
| 110 | 1 |aCanada. |bHealth Canada. |
| 245 | 10|aPopulation Health Fund. Later Life Component : |h[electronic resource]|bsummaries of national projects funded, 1997-2004 / |cIssued by the Division of Aging and Seniors. |
| 260 | |aOttawa - Ontario : |bHealth Canada |cc2003. |
| 300 | |a84p.|bgraph, table |
| 590 | |a11-05-Supp|b2011-03-15 |
| 775 | 08|tFonds pour la santé de la population. Volet troisième âge : |w(CaOODSP)9.638541 |
| 856 | 40|ahttp://publications.gc.ca|qPDF|s345 KB|uhttps://publications.gc.ca/collections/collection_2011/sc-hc/H88-3-32-2003-eng.pdf |